00431nam a2200145Ia 4500003000400000008004100004040001600045082001600061245007100077260005300148300001000201650002700211650001700238650003000255GCL140319s9999 xx 000 0 eng d aGCL / cGCL04a338.88bT I10aINTERNATIONAL BUSINESS: ENVIRONMENTS, INSTITUTIONS, AND OPERATIONS a[S.N] : bMacmillan Publishing Company ، c1991 a658 P04aINTERNATIONAL BUSINESS04aINSTITUTIONS04aINTERNATIONAL ENVIRONMENT